Ghosts : a treasury of chilling tales old and new /

Bibliographic Details
Other Authors: Kaye, Marvin, Kaye, Saralee
Format: Book
Language:English
Published: Garden City, N.Y. : Doubleday, [1981]
Edition:1st ed.
Subjects:

MARC

Tag First Indicator Second Indicator Subfields
LEADER 00000pam a2200000 a 4500
001 in00000073131
005 20151008060049.0
008 810701s1981 nyu b 00001 eng
010 |a  81043065   |z  81043060  
020 |a 0385185065 (lib. bdg.) 
035 |a (OCoLC)07597335 
035 |9 AAJ5070AM 
039 0 |a 2  |b 3  |c 3  |d 3  |e 3 
040 |a DLC  |c DLC  |d TXA  |d UtOrBLW 
049 |a TXAS  |c [1422294] 
050 0 0 |a PN6120.95.G45  |b G48 
082 0 |a 813/.0872/08  |2 19 
245 0 0 |a Ghosts :  |b a treasury of chilling tales old and new /  |c selected by Marvin Kaye ; with Saralee Kaye. 
250 |a 1st ed. 
264 1 |a Garden City, N.Y. :  |b Doubleday,  |c [1981] 
264 4 |c ©1981 
300 |a xviii, 652 pages ;  |c 22 cm. 
336 |a text  |b txt  |2 rdacontent 
337 |a unmediated  |b n  |2 rdamedia 
338 |a volume  |b nc  |2 rdacarrier 
500 |a "Jacket by Edward Gorey"--Dust wrapper. 
500 |a "A Baedeker of favorite U.S. haunts": pages [632]-646. 
500 |a Bibliography: pages [647-652]. 
650 0 |a Ghost stories. 
700 1 |a Kaye, Marvin. 
700 1 |a Kaye, Saralee. 
999 |a MARS 
999 f f |s fa439849-f5c3-3314-95dd-7f6b87ca6a94  |i f799e2cf-ad85-3a90-a314-c5e0cc10f6a7  |t 0 
952 f f |p noncirc  |a Texas A&M University  |b College Station  |c Cushing Memorial Library & Archives  |d Cushing: Science Fiction (Does not check out)  |t 0  |e PN6120.95 G45 G48  |h Library of Congress classification  |i unmediated -- volume  |m A14806066912 
998 f f |a PN6120.95 G45 G48  |t 0  |l Cushing: Science Fiction (Does not check out)